Statistics for Medical Abbreviations #1

Click here to take the quiz!

General Stats

  • This quiz has been taken 986 times
  • The average score is 3 of 15

Answer Stats

HintAnswer% Correct
cholcholesterol
77%
GIgastrointestinal
75%
BMbowel movement
39%
GERDgastroesophageal reflux disease
30%
acbefore meals (ante cibum)
20%
Babarium
19%
GBgallbladder
19%
BACblood alcohol concentration
10%
CHOcarbohydrate
9%
BRPbathroom privileges
6%
HAVhepatitis A virus
6%
BSbowel sounds
5%
CEAcarcinoembryonic antigen
2%
GGTgamma-glutamyl transferase
1%
HAAhepatitis-associated antigen
0%

Score Distribution

Percentile by Number Answered

Percent of People with Each Score

Your Score History

You have not taken this quiz